SARVEKSHAN EVAM CHETRA KARYA PART-1 (Record no. 5353)

MARC details
000 -LEADER
fixed length control field 00341nam a22001457a 4500
005 - DATE AND TIME OF LATEST TRANSACTION
control field 20170330114137.0
008 - FIXED-LENGTH DATA ELEMENTS--GENERAL INFORMATION
fixed length control field 170330b xxu||||| |||| 00| 0 eng d
020 ## - INTERNATIONAL STANDARD BOOK NUMBER
ISBN 978-
041 ## - LANGUAGE CODE
Language code of text/sound track or separate title eng
245 ## - TITLE STATEMENT
Title SARVEKSHAN EVAM CHETRA KARYA PART-1
260 ## - PUBLICATION, DISTRIBUTION, ETC. (IMPRINT)
Name of publisher LAXHMI PUBLICATION
Year of publication 2011
300 ## - PHYSICAL DESCRIPTION
Number of Pages 2011
650 ## - SUBJECT ADDED ENTRY--TOPICAL TERM
Topical Term MASS.COMM
942 ## - ADDED ENTRY ELEMENTS (KOHA)
Koha item type Books
Holdings
Lost status Damaged status Home library Current library Shelving location Date acquired Source of acquisition Cost, normal purchase price Full call number Accession Number Koha item type
    JRU Library   SHELF-6-D 29/03/2017 PURCHASE 220.00 302..23 21529 Books